000 00305nam a22001337a 4500
008 171106b xxu||||| |||| 00| 0 eng d
020 _a9780073130965
041 _aeng
080 _28TH
_a330.722.6
100 _a61
101 _aKON
245 _aESSENTIALS OF ACCOUNTING
_cCOPLEY,P.A
942 _2udc
_cBK
999 _c37704
_d37704